The meddle dectector (Record no. 74434)

MARC details
000 -LEADER
fixed length control field 01548cam a2200205 4500
008 - FIXED-LENGTH DATA ELEMENTS--GENERAL INFORMATION
fixed length control field 040622n2004 000 0 eng u
035 ## - SYSTEM CONTROL NUMBER
System control number (Sirsi) u126560
100 ## - MAIN ENTRY--PERSONAL NAME
Personal name Thornton, A.
245 #4 - TITLE STATEMENT
Title The meddle dectector
260 ## - PUBLICATION, DISTRIBUTION, ETC.
Date of publication, distribution, etc. 2004
490 ## - SERIES STATEMENT
Series statement Building
Volume/sequential designation 269(8336) 11 June 2004, 52-53(2)
520 ## - SUMMARY, ETC.
Summary, etc. Examines the Housing Grants, Construction and Regeneration Act 1996 which Sir Michael Latham is reviewing. Considers the Act a legislative triumph which has established a cheap and speedy dispute resolution system. Any changes to the Act which could alter the balance between tribunal autonomy and state intervention when an adjudicators' decision has been challenged should be drafted with care. The trend of cases under the Act has allowed adjudicators much leeway in setting the procedures to be followed so reform should only be contemplated if it would speed up enforcement. Also includes the suggestion that a revised Act could include a mechanism that controls and caps the fees charged by adjudicators
650 ## - SUBJECT ADDED ENTRY--TOPICAL TERM
Topical term or geographic name entry element HOUSING GRANTS, CONSTRUCTION AND REGENERATION ACT 1996
650 ## - SUBJECT ADDED ENTRY--TOPICAL TERM
Topical term or geographic name entry element LATHAM REFORMS
650 ## - SUBJECT ADDED ENTRY--TOPICAL TERM
Topical term or geographic name entry element PAYMENT PROCEDURES
650 ## - SUBJECT ADDED ENTRY--TOPICAL TERM
Topical term or geographic name entry element MANAGEMENT-DISPUTE AVOIDANCE, MANAGEMENT AND RESOLUTION-DISPUTE MANAGEMENT AND RESOLUTION-ALTERNATIVE DISPUTE RESOLUTION-ADJUDICATION-ADJUDICATION AWARDS
650 ## - SUBJECT ADDED ENTRY--TOPICAL TERM
Topical term or geographic name entry element MANAGEMENT-DISPUTE AVOIDANCE, MANAGEMENT AND RESOLUTION-DISPUTE MANAGEMENT AND RESOLUTION-ALTERNATIVE DISPUTE RESOLUTION-ADJUDICATION-ADJUDICATION AWARDS
690 ## - LOCAL SUBJECT ADDED ENTRY--TOPICAL TERM (OCLC, RLIN)
Topical term or geographic name as entry element Dispute resolution
9 (RLIN) 6236
942 ## - ADDED ENTRY ELEMENTS (KOHA)
Suppress in OPAC 0
Holdings
Withdrawn status Lost status Source of classification or shelving scheme Damaged status Not for loan Home library Current library Shelving location Date acquired Total Checkouts Full call number Barcode Date last seen Copy number Price effective from Koha item type
    Dewey Decimal Classification     London London Journal article 22/06/2004   X126560 126560-1001 06/08/2019 1 06/08/2019 Journal article